|
000
|
00978oam2 2200265 45
|
|
001
|
012013000000
|
|
005
|
20131204121212.0
|
|
010
|
|
@a978-7-122-16825-2@dCNY26.00
|
|
100
|
|
@a20131204d2013 em y0chiy50 ea
|
|
101
|
0
|
@achi
|
|
102
|
|
@aCN@b110000
|
|
105
|
|
@aak z 000yy
|
|
106
|
|
@ar
|
|
200
|
1
|
@a园林工程数据与图表速查@Ayuan lin gong cheng shu ju yu tu biao su cha@f史静宇主编
|
|
210
|
|
@a北京@c化学工业出版社@d2013
|
|
215
|
|
@a217页@d21cm
|
|
225
|
2
|
@a园林工程施工与管理丛书@Ayuan lin gong cheng shi gong yu guan li cong shu
|
|
330
|
|
@a本书以最新的标准、规范为依据,主要包括园林工程常用图例、园林工程监理常用数据、园林工程施工材料常用数据、主要园林工程施工中常用图表等内容。
|
|
410
|
0
|
@12001 @a园林工程施工与管理丛书
|
|
606
|
0
|
@a园林@Ayuan lin@x工程施工@x使用数据
|
|
606
|
0
|
@a园林@Ayuan lin@x工程施工@x图表
|
|
690
|
|
@aTU986@v5
|
|
701
|
0
|
@a史静宇@Ashi jing yu@4主编
|
|
801
|
0
|
@aCN@bCDNYKJZYXY@c20131204
|
|
905
|
|
@aCDNYKJZYXY@dTU986@e526@f3
|
|
|
|
|
| |
| 园林工程数据与图表速查/史静宇主编.-北京:化学工业出版社,2013 |
| 217页;21cm.-(园林工程施工与管理丛书) |
| |
| |
| ISBN 978-7-122-16825-2:CNY26.00 |
| 本书以最新的标准、规范为依据,主要包括园林工程常用图例、园林工程监理常用数据、园林工程施工材料常用数据、主要园林工程施工中常用图表等内容。 |
| ● |
正题名:园林工程数据与图表速查
索取号:TU986/526
 
预约/预借
| 序号
|
登录号
|
条形码
|
馆藏地/架位号
|
状态
|
备注
|
|
1
|
459169
|
300459169
|
柳城-5楼/45架14列1层/
[索取号:TU986/526]
|
在馆
|
|
|
2
|
459170
|
300459170
|
柳城-5楼/45架14列1层/
[索取号:TU986/526]
|
在馆
|
|
|
3
|
459171
|
300459171
|
柳城-5楼/45架14列1层/
[索取号:TU986/526]
|
在馆
|
|